OPAC Home

වෘකයන් අතර නග්නව (Record no. 79907)

MARC details
000 -LEADER
fixed length control field 00621nam a2200205Ia 4500
003 - CONTROL NUMBER IDENTIFIER
control field LK-CoDNM
005 - DATE AND TIME OF LATEST TRANSACTION
control field 20230715224925.0
008 - FIXED-LENGTH DATA ELEMENTS--GENERAL INFORMATION
fixed length control field 140723t2022 xxu||||| |||| 00| 1 sin d
020 ## - INTERNATIONAL STANDARD BOOK NUMBER
International Standard Book Number 9552005833
040 ## - CATALOGING SOURCE
Original cataloging agency LK-CoDNM
Modifying agency LK-CoDNM
Description conventions LK-CoDNM
041 ## - LANGUAGE CODE
Language code of text/sound track or separate title Sinhala; Sinhalese
080 ## - UNIVERSAL DECIMAL CLASSIFICATION NUMBER
Universal Decimal Classification number 8-31
Item number API
942 ## - ADDED ENTRY ELEMENTS (KOHA)
Koha item type Books
100 ## - MAIN ENTRY--PERSONAL NAME
Personal name ආපිට්ස්,බෘනෝ
Personal name (Transliterated) Apits,Bruuno
700 ## - ADDED ENTRY--PERSONAL NAME
Personal name සිරිල් සී පෙරේරා
Relator term පරිවර්තක
Personal name (Transliterated) Siril C Perera
245 ## - TITLE STATEMENT
Title වෘකයන් අතර නග්නව
246 ## - VARYING FORM OF TITLE
Title proper/short title Wurkayan Athara Nagnawa
260 ## - PUBLICATION, DISTRIBUTION, ETC. (IMPRINT)
Name of publisher, distributor, etc. S.Godage Publisher
Place of publication, distribution, etc. Colombo
Date of publication, distribution, etc. 2022
300 ## - PHYSICAL DESCRIPTION
Other physical details 471p
Holdings
Withdrawn status Lost status Damaged status Not for loan Collection code Permanent Location Current Location Date acquired Cost, normal purchase price Full call number Barcode Koha item type
        Translation Library National Museum Colombo - Sri Lanka Library National Museum Colombo - Sri Lanka 2023-07-15 1850.00 8-31 API 175345 Books
Copyright © 2023 Department of National Museum, Colombo 07, Sri Lanka Funded by UNESCO IFAP UNESCO